ՀՀ Գիտությունների ազգային ակադեմիայի հիմնարար գիտական գրադարան  =   Fundamental Scientific Library of NAS RA

Վերջին օրը : (Record no. 93709)

MARC details
000 -LEADER
fixed length control field 00781nam a2200205 a 4500
001 - CONTROL NUMBER
control field 000259509
003 - CONTROL NUMBER IDENTIFIER
control field AM-YeHGA
005 - DATE AND TIME OF LATEST TRANSACTION
control field 20250618071735.0
008 - FIXED-LENGTH DATA ELEMENTS--GENERAL INFORMATION
fixed length control field 030908s2002 ai 000 | arm d
020 ## - INTERNATIONAL STANDARD BOOK NUMBER
International Standard Book Number 9993076074
040 ## - CATALOGING SOURCE
Original cataloging agency AM-YeHGA
090 ## - LOCALLY ASSIGNED LC-TYPE CALL NUMBER (OCLC); LOCAL CALL NUMBER (RLIN)
-- 95009
100 1# - MAIN ENTRY--PERSONAL NAME
Personal name Բեյլերյան, Մհեր Հրաչյայի,
Dates associated with a name 1977-
9 (RLIN) 3675
245 10 - TITLE STATEMENT
Title Վերջին օրը :
Remainder of title Պատմվածքներ /
Statement of responsibility, etc. Մ. Բեյլերյան; Խմբ. և առաջաբ.՝ Լ. Անանյան.
260 ## - PUBLICATION, DISTRIBUTION, ETC.
Place of publication, distribution, etc. Երևան :
Name of publisher, distributor, etc. ՀԳՄ հրատ.,
Date of publication, distribution, etc. 2002.
300 ## - PHYSICAL DESCRIPTION
Extent 58 էջ :
Other physical details 1 թ. դիմանկ. ;
Dimensions 17 սմ.
440 #0 - SERIES STATEMENT/ADDED ENTRY--TITLE
Title Մուտք
650 14 - SUBJECT ADDED ENTRY--TOPICAL TERM
Topical term or geographic name entry element Հայ գրականություն
General subdivision Պատմվածք
700 1# - ADDED ENTRY--PERSONAL NAME
Personal name Անանյան, Լևոն Զաքարի,
Dates associated with a name 1946-2013
Relator term առաջաբ., խմբ.
Relationship aui
-- edt
9 (RLIN) 2144
Holdings
Withdrawn status Lost status Damaged status Not for loan Collection Home library Current library Date acquired Total checkouts Full call number Barcode Date last seen Price effective from Koha item type Public note
        General Fundamental Scientific Library Fundamental Scientific Library 22/12/2016   891.981 210020211 22/12/2016 22/12/2016 Գրքեր / Books 30 Days Loan
        General Fundamental Scientific Library Fundamental Scientific Library 22/12/2016   AI/20129 FL0064981 22/12/2016 22/12/2016 Գրքեր / Books 30 Days Loan


ՀՀ ԳԱԱ հիմնարար գիտական գրադարան
ՀՀ,Երևան 0019
Մարշալ Բաղրամյան 24/6
հեռախոս:(374-10) 52-47-50
Հետադարձ կապ

All site content, except where otherwise noted, is licensed under a
Creative Commons License